[Event "Kampala Lighthouse op"]
[Site "Kampala"]
[Date "2019.04.14"]
[Round "7.8"]
[White "Byaruhanga, Jonah"]
[Black "Katula, Frobisha Paul"]
[Result "1-0"]
[WhiteElo "1719"]
[BlackElo "1956"]
[PlyCount "45"]
[EventDate "2019.04.11"]
[EventType "swiss"]
[EventRounds "7"]
[EventCountry "UGA"]
[SourceTitle "EXT 2024"]
[Source "ChessBase"]
[SourceDate "2023.10.10"]
[SourceVersion "1"]
[SourceVersionDate "2023.10.10"]
[SourceQuality "1"]

1. e4 e6 2. Nf3 d5 3. e5 c5 4. Bb5+ Nc6 5. Bxc6+ bxc6 6. 0-0 Ne7 7. d3 Ng6 8. Re1 Be7 9. Nbd2 0-0 10. Nf1 f6 11. d4 cxd4 12. Nxd4 fxe5 13. Nxc6 Qb6 14. Nxe7+ Nxe7 15. Be3 Qd6 16. c3 Nf5 17. Bg5 h6 18. Bd2 Bd7 19. Ne3 Rf7 20. Nc2 Raf8 21. c4 Qc7 22. cxd5 exd5 23. Bb4 1-0

[Event "UGA olympic qual 2nd"]
[Site "Kampala"]
[Date "2012.03.08"]
[Round "6"]
[White "Katula, Frobisha Paul"]
[Black "Makhombe, Francis"]
[Result "1-0"]
[WhiteElo "1950"]
[BlackElo "1950"]
[PlyCount "37"]
[EventDate "2012.03.03"]
[EventType "swiss"]
[EventRounds "8"]
[EventCountry "UGA"]
[SourceTitle "CBM 147 Extra"]
[Source "ChessBase"]
[SourceDate "2012.04.24"]
[SourceVersion "1"]
[SourceVersionDate "2012.04.24"]
[SourceQuality "1"]

1. e4 e5 2. Nf3 Nc6 3. Bc4 Bc5 4. 0-0 Nf6 5. d3 0-0 6. Bb3 Re8 7. Nc3 Na5 8. h3 c6 9. Ne2 Nxb3 10. axb3 d5 11. Ng3 Qd6 12. Nh4 g6 13. Bg5 Kg7 14. Qf3 Re6 15. Ngf5+ gxf5 16. Nxf5+ Kg6 17. Nxd6 Rxd6 18. Be3 d4 19. Bd2 1-0

[Event "UGA-ch"]
[Site "Kampala"]
[Date "2011.12.12"]
[Round "5"]
[White "Musisi, Abbey"]
[Black "Katula, Frobisha Paul"]
[Result "0-1"]
[WhiteElo "1950"]
[BlackElo "1950"]
[PlyCount "72"]
[EventDate "2011.12.05"]
[EventType "swiss"]
[EventRounds "10"]
[EventCountry "UGA"]
[SourceTitle "EXT 2013"]
[Source "ChessBase"]
[SourceDate "2012.11.22"]
[SourceVersion "1"]
[SourceVersionDate "2012.11.22"]
[SourceQuality "1"]

1. d4 Nf6 2. Nc3 d5 3. h3 Bf5 4. Nf3 h6 5. e3 c6 6. Bd3 Ne4 7. Ne2 e6 8. Ne5 Bd6 9. Bxe4 Bxe4 10. f3 Bh7 11. 0-0 Nd7 12. Nxd7 Qxd7 13. Qe1 Bxc2 14. f4 0-0 15. Qg3 Bd3 16. Rf2 c5 17. Bd2 Qb5 18. Nc3 Qxb2 19. Rd1 c4 20. Be1 Qb6 21. Na4 Qc6 22. Nb2 Be4 23. Bc3 b5 24. Rdf1 b4 25. Be1 c3 26. Qh4 cxb2 27. Rxb2 Qc1 28. Qf2 Qc4 29. Bd2 a5 30. Rc1 Qb5 31. Qe1 Rfc8 32. Rxc8+ Rxc8 33. a3 Rc2 34. Rxc2 Bxc2 35. Qc1 b3 36. Qb2 Bxa3 0-1